00539nam a2200157 a 45000050016000000200026000160370008000421000021000502450075000712600033001462700053001793000030002324900017002627000024002798560078003032012010506366.0 a9781406302165c199.00 bPUB aMcDonald, Megan  aDoctor Judy Moody /cby Megan McDonald; illustrated Peter H. Reynolds  aLondon bWalker Books c2006 a7/16, Ansari Road, DaryaganjbNew Delhi e110002 a159p. c21cm(pbk) bill.  aJudy Moody-5 aReynolds, Peter H.  3Table of contentsuhttp://www.loc.gov/catdir/toc/ecip0516/2005020735.html